000 01583nam a22002417a 4500
999 _c57202
_d57202
003 Ge_BSU
005 20200115135159.0
008 200115s2019 ||||| |||| 00| 0 geo d
020 _a9789941266140
041 _ageo
080 _a338+63+796.5 ა-16
100 _aაბესაძე, თეიმურაზ.
_96124
245 _aსოფლად კერძო საკარმიდამოზე ტურიზმის ბიზნესის ორგანიზება და მართვა :
_bსასწავლო-მეთოდური სახელმძღვანელო /
_cთეიმურაზ აბესაძე ; თანაავტ : სალომე ბესტაევა (თავი 8) ; მაია დიაკონიძე ( თავი10) ; რედ. როსტომ ბერიძე.
264 _aთბილისი :
_bუნივერსალი,
_c2019.
300 _a277 გვ.:
_bილ.;
_c21 სმ.
653 _aტურიზმის ბიზნესის ორგანიზება
653 _aტურიზმი
700 _aბესტაევა,სალომე
_96125
700 _aდიაკონიძე, მაია
_96126
700 _aბერიძე, როსტომ
_eრედაქტორი
_91686
710 _eბათუმის შოთა რუსთაველის სახელმწიფო უნივერსიტეტი ტურიზმის ფაკულტეტი
_96127
942 _2udc
_cBK